000 00273nam a2200097Ia 4500
008 240331s9999 xx 000 0 und d
082 _bKUR
100 _aKurian, R
245 4 _aThe exploitation of Women on the plantation :
_bTamil women workers on tea plantations
942 _cL
999 _c2651
_d2651